|
|
|
|
| LEADER |
00876nam a2200241 a 4500 |
| 001 |
953167 |
| 008 |
090518s1985 caua b 001 0 eng d |
| 010 |
|
|
|a 84029105
|
| 020 |
|
|
|a 0534043445
|
| 040 |
|
|
|a DLC
|c DLC
|d DLC
|
| 082 |
0 |
0 |
|a 610.73/43
|2 19
|
| 100 |
1 |
|
|a Archer, Sarah Ellen.
|
| 245 |
1 |
0 |
|a Community health nursing /
|c Sarah Ellen Archer, Ruth P. Fleshman.
|
| 250 |
|
|
|a 3rd ed.
|
| 260 |
|
|
|a Monterey, Calif. :
|b Wadsworth Health Sciences,
|c c1985.
|
| 300 |
|
|
|a xxi, 529 p. :
|b ill. ;
|c 25 cm.
|
| 504 |
|
|
|a Includes bibliographies and index.
|
| 541 |
1 |
|
|e 00004221
|
| 650 |
|
0 |
|a Community health nursing.
|
| 700 |
1 |
|
|a Fleshman, Ruth P.
|
| 852 |
4 |
|
|a <add your library>
|j <shelf mark>
|
| 999 |
|
|
|c 777
|d 777
|
| 952 |
|
|
|0 0
|1 0
|2 ddc
|4 0
|6 610_734300000000000_ARC_1985
|7 0
|8 NFIC
|9 716
|a BRACUL
|b BRACUL
|c GEN
|d 2009-05-18
|g 2912.00
|l 0
|o 610.7343 ARC
|p 3010004221
|r 2009-05-18
|t 1
|w 2009-05-18
|y BK
|